000
00283nam a22001337a 4500
008
180130b xxu||||| |||| 00| 0 eng d
020
_a
9781932470345
041
_a
eng
080
_a
61
100
_a
3
101
_a
shm
245
_a
super life super health
942
_2
udc
_c
BK
999
_c
41241
_d
41241